[Event "AUT-ch Seniors 65"]
[Site "Vienna"]
[Date "2023.05.20"]
[Round "6"]
[White "Abadjian, Vahram"]
[Black "Kunschek, Horst"]
[Result "0-1"]
[WhiteElo "1839"]
[BlackElo "1658"]
[PlyCount "112"]
[EventDate "2023.05.15"]
[EventType "swiss"]
[EventRounds "7"]
[EventCountry "AUT"]
[SourceTitle "CBM 214 Extra"]
[Source "ChessBase"]
[SourceDate "2023.07.31"]
[SourceVersion "1"]
[SourceVersionDate "2023.07.31"]
[SourceQuality "1"]

1. e4 e5 2. Nf3 Nc6 3. d4 exd4 4. Nxd4 Nxd4 5. Qxd4 Qf6 6. e5 Qb6 7. Qxb6 axb6 8. Nc3 c6 9. Bc4 Bb4 10. Bd2 Ne7 11. Ne4 Bxd2+ 12. Kxd2 Ng6 13. Nd6+ Ke7 14. Nf5+ Kf8 15. Nd6 Nxe5 16. Bb3 g5 17. Rhe1 f6 18. g3 Nf3+ 19. Ke2 Nxe1 20. Rxe1 Kg7 21. Kf3 Rf8 22. Re7+ Kg6 23. c3 f5 24. Bc2 Rxa2 25. g4 Kf6 26. Rxh7 fxg4+ 27. Kxg4 Rxb2 28. Bf5 Rxf2 29. Ne4+ Ke5 30. Nxf2 Rxf5 31. Nd3+ Ke6 32. Rh8 Rd5 33. Nb4 Rc5 34. Na2 Ra5 35. Nc1 Ra8 36. Kxg5 d5 37. h4 Ra1 38. Re8+ Kf7 39. Re1 Ra4 40. Nd3 Rg4+ 41. Kh5 Re4 42. Rf1+ Kg7 43. Rg1+ Kh7 44. Kg5 Re3 45. Nf4 Re5+ 46. Kf6 Rf5+ 47. Ke7 Rxf4 48. Kd6 Rf7 49. Rg5 Rd7+ 50. Ke5 Rg7 51. Rh5+ Kg8 52. Kf6 Rf7+ 53. Kg6 Re7 54. Kf6 Re6+ 55. Kf5 Rh6+ 56. Kg5 Rxh5+ 0-1